Estudis i materials / Arxiu d'Etnografia i Folklore de Catalunya
Descripción Física:
2 v. ; 25 cm
MARC
| LEADER | 00000nam a2200000Ia 4500 | ||
|---|---|---|---|
| 001 | 10295, 10296 | ||
| 003 | BGR | ||
| 005 | 20260324175559.0 | ||
| 008 | 160829s1916 - 1917 xx 000 0 cat d | ||
| 080 | |a M-1-221, M-1-222 | ||
| 110 | 2 | |9 70404 |a Arxiu d'Etnografia i Folklore de Catalunya | |
| 245 | |a Estudis i materials / Arxiu d'Etnografia i Folklore de Catalunya | ||
| 260 | |a Barcelona : |b [l'Arxiu], |c 1916 - 1917 | ||
| 300 | |a 2 v. ; |c 25 cm | ||
| 590 | |a Conté: v. 1: curs de 1915-1916; v. 2: curs de 1916-1917 | ||
| 650 | |a Etnologia |x Catalunya |9 23817 | ||
| 651 | 0 | |a Catalunya |x Folklore |9 54778 | |
| 856 | |u https://revistes.ub.edu/index.php/estudisimaterials/index |y Revistes científiques de la Universitat de Barcelona (RCUB) | ||
| 901 | |a Arxiu | ||
| 942 | |n 1 |2 udc |c MON | ||
| 952 | |0 0 |1 0 |4 0 |6 M1221_M1222 |7 1 |9 46330 |a Arxiu |b Arxiu |d 2016-12-01 |l 0 |o M-1-221, M-1-222 |p 10295, 10296 |r 2016-12-01 00:00:00 |w 2016-12-01 |y ARXIU | ||
| 999 | |c 50115 |d 50115 | ||